00421nam a2200193Ia 4500003000900000008004100009040001300050040001300063041000800076100003000084245002300114250001300137260001500150260000900165300001100174300001000185490002600195490000600221IT-RoPAU120407s9999 xx 000 0 und d aIT-RoPAU cIT-RoPAU aita aJacques-Elisée Desseaux aLessico ecumenico  aBrescia  aQueriniana c1986 a116 p. c21 cm a Universale teologica v1